| 000 | 00355nam a2200133Ia 4500 | ||
|---|---|---|---|
| 008 | 240624s9999 xx 000 0 und d | ||
| 041 | _aeng | ||
| 082 | _a363.9 SAN | ||
| 100 | _aSANGVIKAR B V | ||
| 245 | _aGLOBAL MELTDOWN OPPORTUNITIES AND CHALLE | ||
| 260 |
_c2009 _aMumbai _bHimalaya Books Pvt. Ltd. |
||
| 300 | _a445 : p. : cm. ; 25 | ||
| 365 |
_cRS _b25 |
||
| 999 |
_c14857 _d14857 |
||